000 01328nam a2200349 a 4500
001 000111183
003 CHAP
005 20250813125459.0
008 150115s2014 mx a fsm |||||||spa d
010 _a107645
011 _a108617
040 _cCHAP
090 _aTesis
100 1 _aMauricio Pérez, Janeth Marisela
_9129005
245 1 0 _aPresencia de arvenses e insectos benéficos en tangor 'Ortanique', y su influencia en la población de Diaphorina citri Kuwayama en Veracruz
_h[En línea]
_cpor Janeth Marisela Mauricio Pérez.
260 _aChapingo, Méx. :
_bEl autor,
_c2014.
500 _aPara ver el contenido del material haga clic en la liga
502 _aTesis (Ing. Agr. Esp. en Fitotecnia) -- UACH. Departamento de Fitotecnia
590 _aE11695DGD
_b10
_c20150120
_lUCH01
_h1058
590 _aE5995AHE
_b05
_c20150115
_lUCH01
_h0907
590 _aE5995AHE
_b05
_c20150115
_lUCH01
_h0908
590 _aE5995AHE
_b05
_c20150115
_lUCH01
_h0921
650 1 4 _aCítricos
_xVeracruz.
_924472
650 1 4 _aControl biológico de insectos.
_927582
650 1 4 _aDiaphorina citri
_932420
650 1 4 _aMalas hierbas.
_969996
650 1 4 _aSuelos
_xConservación
_xVeracruz.
_9110318
856 _aFinding aid
_uhttp://10.13.5.2/tesis/sist111183.pdf
_zTeclea aquí
901 _aBK
942 _cTESIS
942 _n0
999 _c107645
_d107645